000 00621nam a2200265Ia 4500
005 20260121114435.0
008 008 260114s9999 xx 000 0 eng d
020 _a9789390395996
037 _aEBOOK
040 _aCRL
040 _beng
040 _cCRL
041 _2eng
041 _aeng
084 _qCRL
100 _aDurafe
_9975087
245 0 _aIntellectual Property Rights
260 _bWiley
260 _c2020
650 _aStrategic Management
_9975088
856 _uhttps://ebooks.wileyindia.com/product-details/284095
942 _cEBOOK
999 _c1554158
_d1554158